Statistics for All Arsenal Managers Ever

Click here to take the quiz!

General Stats

  • This quiz has been taken 489 times
  • The average score is 6 of 20

Answer Stats

YearsManager% Correct
1996-2018Arsène Wenger
100%
2019—Mikel Arteta
98%
2018-2019Unai Emery
94%
1986-1995George Graham
76%
1925-1934Herbert Chapman
65%
1995-1996Bruce Rioch
52%
1966-1976Bertie Mee
28%
1983-1986Don Howe
20%
1976-1983Terry Neill
19%
1962-1966Billy Wright
10%
1934-1947George Allison
10%
1947-1956Tom Whittaker
8%
1958-1962George Swindin
5%
1897-1898Thomas Mitchell
5%
1908-1915George Morrell
4%
1899-1904Harry Bradshaw
4%
1956-1958Jack Crayston
4%
1919-1925Leslie Knighton
4%
1904-1908Phil Kelso
4%
1898-1899William Elcoat
4%

Score Distribution

Percentile by Number Answered

Percent of People with Each Score

Your Score History

You have not taken this quiz